FRUITS AND ANIMALS A-Z - Statistics

General Stats
  • This quiz has been taken 19 times
  • The average score is 23 of 24
Answer Stats
Picture Hint Answer % Correct
A alligator
100%
B BEAR
100%
C COW
100%
D DEER
100%
E ELEPHANT
100%
I IGUANA
100%
J JAGUAR
100%
K KIWI
100%
L LION
100%
M MUSHROOM
100%
O OWL
100%
P PEAR
100%
T TOMATO
100%
U UNICORN
100%
W WATERMELON
100%
G GRAPES
94%
Q QUEEN BEE
94%
S SQUIRREL
94%
V VIPER
94%
H HEDGEHOG
88%
F FIG
82%
R RADISH
82%
Z ZUCCHINI
82%
N NECTARINE
76%
No matching quizzes found
Score Distribution
Percent of People with Each Score
Percentile by Number Answered
Your Score History
You have not taken this quiz